| Поле | Инд. | ПП | Название | Значение |
|---|---|---|---|---|
| Тип записи | a | |||
| Библиографический уровень | m | |||
| 001 | Контрольный номер | 88a0cd23-4d0f-4952-8ff0-77bf4c5f05cf | ||
| 005 | Дата корректировки | 20140226210917.5 | ||
| 008 | Кодируемые данные | 000323 d | ||
| 020 | a | ISBN | 2-01-15-5093-9 | |
| 040 | a | Служба первич. каталог. | НБ ТвГУ | |
| 041 | a | Код языка текста | fre | |
| 080 | a | Индекс УДК | 804.0(075.8) | |
| 084 | a | Индекс другой классификации/Индекс ББК | Ш147.11-923 | |
| a | Индекс другой классификации/Индекс ББК | Ш147.11-928 | ||
| 090 | c | Каталожный индекс | Ш147.11-923 + Ш147.11-928 | |
| x | Авторский знак | C13 | ||
| a | Полочн. индекс | Ш147.11 | ||
| 100 | 1_ | a | Автор | Trevisi Sandra |
| 245 | 0_ | a | Заглавие | Cafe-creme |
| n | Номер части/ раздела | 2 | ||
| b | Продолж. заглавия | Methode de francais | ||
| c | Ответственность | Sandra Trevisi, Marcella Biacco di Giura, Jose Canelas, Pierre Delaisne | ||
| 260 | 0_ | a | Место издания | Paris |
| b | Издательство | Hachette livre | ||
| c | Дата издания | 1997 | ||
| 300 | a | Объем | 191,[1] c. | |
| b | Иллюстрации/ тип воспроизводства | ill. | ||
| 440 | a | Серия | Francais langue etrangere | |
| 650 | a | Основная рубрика | Французский язык | |
| x | Основная подрубрика | Учебники для вузов | ||
| x | Основная подрубрика | Самоучители | ||
| 653 | a | Ключевые слова | Французский язык | |
| 700 | 1_ | a | Другие авторы | Beacco di Giura Marcella |
| 700 | 1_ | a | Другие авторы | Canelas Jose |
| 700 | 1_ | a | Другие авторы | Delaisne Pierre |
| 852 | t | Порядковый номер экземпляра | 1 | |
| 930 | a | Новая/Ретро | учебники | |
| a | Новая/Ретро | фра | ||
| 954 | a | Дата поступления на обработку | 19991103 | |
| 999 | a | Подразделение 2 | Каб.УиС |